000 00680nam a22002297a 4500
003 UA-OsUOA
001 52372
007 ta
008 20150604b un ||||| |||| 00| 0 ukr d
090 _a09-82(477)
_bХ91
942 _cBK
040 _aUA-OsUOA
_bukr
_cUA-OsUOA
_dUA-OsUOA
245 _aХрестоматія з української літератури
300 _a384 с.
955 _a2
041 _aukr
080 _a09-82(477)
260 _aК.
_c1949
650 7 _a82 Література. Літературознавство
_2UDC
999 _c432492
_d432492